Об устройстве походного барака: 2-е приложение к санитарным правилам

গ্রন্থ-পঞ্জীর বিবরন
প্রধান লেখক: Пирусский В. С.
সংক্ষিপ্ত:Текст в русской дореформенной орфографии
ভাষা:রুশ
প্রকাশিত: Новониколаевск, Электро-печатня Н. П. Литвинова, 1913
বিষয়গুলি:
বিন্যাস: গ্রন্থ
KOHA link:https://koha.lib.tpu.ru/cgi-bin/koha/opac-detail.pl?biblionumber=319024

MARC

LEADER 00000nam0a2200000 4500
001 319024
005 20240328160438.0
035 |a (RuTPU)RU\TPU\book\344529 
090 |a 319024 
100 |a 20160517d1913 km y0rusy50 ca 
101 0 |a rus 
102 |a RU 
105 |a af z 000zy 
181 0 |b  e  
182 0 |a n 
183 0 |a nc  |2 RDAcarrier 
200 1 |a Об устройстве походного барака  |e 2-е приложение к санитарным правилам  |f В. С. Пирусский 
210 |a Новониколаевск  |c Электро-печатня Н. П. Литвинова  |d 1913 
215 |a 16 с.  |c ил., 1 вкл. л. черт. 
283 |a volume 
300 |a Текст в русской дореформенной орфографии 
606 1 |a Гигиена жилищ  |2 stltpush  |3 (RuTPU)RU\TPU\subj\71323  |9 85281 
606 1 |a Здания и постройки сборно-разборные  |2 stltpush  |3 (RuTPU)RU\TPU\subj\11654  |9 38572 
610 1 |a походные бараки 
610 1 |a устройство 
610 1 |a сооружение 
610 1 |a чертежи 
675 |a 613  |v 4 
675 |a 69.033  |v 4 
700 1 |a Пирусский  |b В. С.  |c старший врач Алтайской железной дороги 
801 1 |a RU  |b 63413507  |c 20160517 
801 2 |a RU  |b 63413507  |c 20201019  |g RCR 
942 |c BK